000 00438cam a22001337a 4500
008 180718b1963 xxu||||| |||| 00| 0 eng d
082 _aF1 I16
245 _aThe Influence of leader and member behavior on the adjustment and task effectiveness of negotitaion groups
260 _aUrbana
_bThe Dept.
_c1963
300 _a42p.
650 _aSmall groups
650 _aSocial psychology
700 _aUniversity of Illinois Dept. of Psychology
999 _c479785
_d479785